Markets and States in Tropical Africa: the political basis of agricultural policies (Record no. 3264)
[ view plain ]
| 000 -LEADER | |
|---|---|
| fixed length control field | 00618nam a22002057a 4500 |
| 003 - CONTROL NUMBER IDENTIFIER | |
| control field | OSt |
| 005 - DATE AND TIME OF LATEST TRANSACTION | |
| control field | 20240724105147.0 |
| 008 - FIXED-LENGTH DATA ELEMENTS--GENERAL INFORMATION | |
| fixed length control field | 160314b xxu||||| |||| 00| 0 eng d |
| 020 ## - INTERNATIONAL STANDARD BOOK NUMBER | |
| International Standard Book Number | 0520052293 |
| 040 ## - CATALOGING SOURCE | |
| Transcribing agency | MUST LIB |
| Original cataloging agency | MUST |
| Modifying agency | MUST |
| 082 ## - DEWEY DECIMAL CLASSIFICATION NUMBER | |
| Classification number | 338.1 |
| Item number | BAT 1981 |
| 100 ## - MAIN ENTRY--PERSONAL NAME | |
| Personal name | Bates, Robert H |
| 9 (RLIN) | 7354 |
| 245 ## - TITLE STATEMENT | |
| Title | Markets and States in Tropical Africa: the political basis of agricultural policies |
| Remainder of title | |
| 260 ## - PUBLICATION, DISTRIBUTION, ETC. (IMPRINT) | |
| Name of publisher, distributor, etc. | University of Calfornia press |
| Date of publication, distribution, etc. | Berkeley |
| 300 ## - PHYSICAL DESCRIPTION | |
| Extent | xi, 178p; |
| Other physical details | ill : |
| Dimensions | 8 cm |
| 504 ## - BIBLIOGRAPHY, ETC. NOTE | |
| Bibliography, etc | Includes index |
| 650 ## - SUBJECT ADDED ENTRY--TOPICAL TERM | |
| Topical term or geographic name as entry element | Markets |
| 9 (RLIN) | 7356 |
| 650 ## - SUBJECT ADDED ENTRY--TOPICAL TERM | |
| Topical term or geographic name as entry element | Agricultural policies |
| 9 (RLIN) | 12637 |
| 942 ## - ADDED ENTRY ELEMENTS (KOHA) | |
| Source of classification or shelving scheme | Dewey Decimal Classification |
| Koha item type | Open Shelf |
| Withdrawn status | Lost status | Source of classification or shelving scheme | Damaged status | Not for loan | Home library | Current library | Date acquired | Inventory number | Total Checkouts | Full call number | Barcode | Date last seen | Koha item type | Source of acquisition | Price effective from |
|---|---|---|---|---|---|---|---|---|---|---|---|---|---|---|---|
| Dewey Decimal Classification | MUST Main Library | MUST Main Library | 14/03/2016 | 00/14700 | 338.1 BAT 1981 | 2016-0460 | 14/03/2016 | Short Loan | |||||||
| Dewey Decimal Classification | MUST Main Library | MUST Main Library | 24/07/2024 | 2000/16499 | 338.1 BAT 1981 | 2024-22184 | 24/07/2024 | Open Shelf | Purchase | 24/07/2024 |
